Tolley's employment handbook (Record no. 108054)
[ view plain ]
| 000 -LEADER | |
|---|---|
| fixed length control field | 00935cam a22002415a 4500 |
| 001 - CONTROL NUMBER | |
| control field | L143070 |
| 008 - FIXED-LENGTH DATA ELEMENTS--GENERAL INFORMATION | |
| fixed length control field | 080407s2008 xxk f 001 0 eng d |
| 020 ## - INTERNATIONAL STANDARD BOOK NUMBER | |
| International Standard Book Number | 9780754534570 |
| 035 ## - SYSTEM CONTROL NUMBER | |
| System control number | (Sirsi) u143070 |
| 041 0# - LANGUAGE CODE | |
| Language code of text/sound track or separate title | eng |
| 050 04 - LIBRARY OF CONGRESS CALL NUMBER | |
| Classification number | 346.41024 $2 18 |
| 100 1# - MAIN ENTRY--PERSONAL NAME | |
| Personal name | Slade, Elizabeth |
| 245 00 - TITLE STATEMENT | |
| Title | Tolley's employment handbook |
| 250 ## - EDITION STATEMENT | |
| Edition statement | 22nd ed. |
| 260 ## - PUBLICATION, DISTRIBUTION, ETC. | |
| Place of publication, distribution, etc. | London |
| Name of publisher, distributor, etc. | LexisNexis |
| Date of publication, distribution, etc. | 2008 |
| 300 ## - PHYSICAL DESCRIPTION | |
| Extent | cxc, 1264p. |
| Dimensions | 23cm. |
| 350 ## - PRICE (NR) (BK AM CF MU VM SE) [OBSOLETE] | |
| Price | 97 |
| 520 ## - SUMMARY, ETC. | |
| Summary, etc. | Covers all aspects of employment law and major legislative and judicial developments from the last year. Includes a redundancy ready reckoner table; an expanded section on sex discrimination as it applies to pregnant employees and detail on the coming into force of the Equality Act 2006. Discusses many of the most significant cases from the last year. |
| 521 ## - TARGET AUDIENCE NOTE | |
| Target audience note | Advanced |
| 651 #4 - SUBJECT ADDED ENTRY--GEOGRAPHIC NAME | |
| Geographic name | United Kingdom |
| Chronological subdivision | |
| 690 ## - LOCAL SUBJECT ADDED ENTRY--TOPICAL TERM (OCLC, RLIN) | |
| Topical term or geographic name as entry element | MANAGEMENT-BUSINESS MANAGEMENT |
| 942 ## - ADDED ENTRY ELEMENTS (KOHA) | |
| Suppress in OPAC | 0 |
| Withdrawn status | Lost status | Source of classification or shelving scheme | Damaged status | Not for loan | Home library | Current library | Shelving location | Date acquired | Cost, normal purchase price | Total Checkouts | Full call number | Barcode | Date last seen | Date last checked out | Copy number | Cost, replacement price | Price effective from | Koha item type |
|---|---|---|---|---|---|---|---|---|---|---|---|---|---|---|---|---|---|---|
| Dewey Decimal Classification | London | London | Books | 30/07/2008 | 97.00 | 3 | 346.41024 SLA | 30074905 | 06/08/2019 | 13/11/2009 | 1 | 97.00 | 06/08/2019 | Book |